Antenna and wave propagation : VI sem. BE (EC and TC) thoroughly revised edition with solutions to previous exam problems as per VTU syllabus (Record no. 187498)
[ view plain ]
| 000 -LEADER | |
|---|---|
| fixed length control field | 00593nam a2200157Ia 4500 |
| 008 - FIXED-LENGTH DATA ELEMENTS--GENERAL INFORMATION | |
| fixed length control field | 231217s9999 xx 000 0 und d |
| 041 ## - LANGUAGE CODE | |
| Language code of text/sound track or separate title | English |
| 082 ## - DEWEY DECIMAL CLASSIFICATION NUMBER | |
| Classification number | 621.38411 KUM;8 |
| 100 ## - MAIN ENTRY--PERSONAL NAME | |
| Personal name | Kumaraswamy, D. Srinivas, M S. Giridhar, K ed. |
| 245 #0 - TITLE STATEMENT | |
| Title | Antenna and wave propagation : VI sem. BE (EC and TC) thoroughly revised edition with solutions to previous exam problems as per VTU syllabus |
| 250 ## - EDITION STATEMENT | |
| Edition statement | 1st ed. |
| 260 ## - PUBLICATION, DISTRIBUTION, ETC. | |
| Date of publication, distribution, etc. | 2006 |
| Name of publisher, distributor, etc. | Pooja publications |
| Place of publication, distribution, etc. | Bangalore |
| 300 ## - PHYSICAL DESCRIPTION | |
| Extent | 294 |
| 650 ## - SUBJECT ADDED ENTRY--TOPICAL TERM | |
| Topical term or geographic name entry element | Antenna,wave,propagation,VI,BE,(EC,TC),thoroughly,solutions,previous,exam |
| 942 ## - ADDED ENTRY ELEMENTS (KOHA) | |
| Koha item type | Books |
| Date last seen | Total checkouts | Full call number | Accession number | Price effective from | Category | Lost status | Damaged status | Department | Withdrawn status | Home library | Current library | Shelving location | Entry date | Vendor | Grants | Billdate | Currency symbol | Conversion rate | Discount | Old discount |
|---|---|---|---|---|---|---|---|---|---|---|---|---|---|---|---|---|---|---|---|---|
| 26/01/2024 | 621.38411 KUM;8 | 67990 | 26/01/2024 | Books | TC | Central Library | Central Library | TC | 30/07/2010 | Publisher | DONATED | 25/02/2014 | RS | 1 | ||||||
| 26/01/2024 | 621.38411 KUM;9 | 79957 | 26/01/2024 | Books | Central Library | Central Library | Central Library | Central Library | 16/11/2011 | Publisher | DONATED | 14/02/2017 | RS | 1 |
